| 000 | 00605nam a2200229Ia 4500 | ||
|---|---|---|---|
| 003 | OSt | ||
| 005 | 20260124153457.0 | ||
| 008 | 210423s2010 xx 000 0 und d | ||
| 020 | _a978-81-908376-6-8 | ||
| 040 | _cAL | ||
| 041 | _aEnglish | ||
| 082 |
_a541.38 _bRAMA |
||
| 100 |
_aRamanujam R _9103009 |
||
| 245 | _aAnalytical nuclear chemistry | ||
| 260 |
_aNew Delhi _bPacific Books International _c2010 |
||
| 300 |
_a259p. _bHB |
||
| 365 |
_b795 _cINR |
||
| 650 |
_aChemistry _9103010 |
||
| 650 |
_aPhysical Chemistry _9103011 |
||
| 906 | _aAnalytical ; chemistry ; nuclear | ||
| 942 |
_2ddc _cBK |
||
| 999 |
_c165983 _d165983 |
||